000 00312nam a22001217a 4500
008 230620b xxu||||| |||| 00| 0 eng d
082 _a309.1
_bSMU
100 _cJuhan Smuul
245 _aAntarctica ahoy!
_bThe ice book
260 _aMoscow
_bForeign languages publishing house
300 _a308p
942 _2ddc
_cBK
999 _c1457
_d1457